00601nam a2200193Ia 4500008004100000020001500041040001800056041000800074100002600082245008000108260006500188300001700253490003800270650001400308650001500322650001500337700002300352765003200375130821s2005 xxu gr spa  a1597840130 aCo-BoUCMbspa00aspa1 aBuyükcelebi, Ismail13aEl islam como la fe universalcIsmail Buyükcelebi; traductor Kübra Sari aTrenton (Nueva Jersey, Estados Unidos)bThe Light Inc.c2005 a24 páginas 0aVentanas abiertas hacia la fev.304aIslamismo04aMusulmanes04aTeología1 aSari, Kübraetr. aIslam: the universal faith.